000 00839pam a2200265 i 4500
001 3192365
003 GBCCL
005 20241126110356.0
008 770223s1977 miua 000 0 eng
010 _a 77002146
020 _a8173624739
040 _aDLC
_cDLC
_dDLC
050 0 0 _aBR110
_b.C76
082 0 0 _a253.5
_bCRA
100 1 _aCrabb, Larry,
_d1944-
_92311
245 1 0 _aEffective biblical counseling /
_cLawrence J. Crabb, Jr.
260 _aGrand Rapids :
_aHyderabad :
_bZondervan Pub. House,
_bAuthentic,
_cc1977.
_c2004, 2011.
300 _a191 p. :
_bill. ;
_c23 cm.
630 0 0 _aBible
_xUse.
_91787
650 0 _aCounseling
_xReligious aspects
_xChristianity.
_92312
650 0 0 _aBible
_xPsychology.
_92313
650 0 _aPastoral counseling.
_9547
906 _a7
_bcbc
_corignew
_d1
_eocip
_f19
_gy-gencatlg
942 _2ddc
_cBK
_026
999 _c1230
_d1230